| 000 | 00679nam a2200169Ia 4500 | ||
|---|---|---|---|
| 008 | 220216s9999 xx 000 0 und d | ||
| 100 | _aAswathy C.S | ||
| 245 | 0 | _aTowards unraveling the interaction between salicylic acid and jasmonic acid pathways in Hevea-Phytophthora interaction | |
| 260 | _bNational Symposium on Advances in Crop Health Management, 1-2 December 2020, Indian Phytopathological Society South Zone and Indian Agricultural Research Institute, Nilgiris, India. | ||
| 650 | _aHevea-Phytophthora interaction | ||
| 650 | _aJasmonic acid | ||
| 650 | _aSalicylic acid | ||
| 700 | _aRoy C.B | ||
| 700 | _aTeena A | ||
| 856 | _uBibli details only | ||
| 942 | _cJS | ||
| 999 |
_c71425 _d71425 |
||